Leo Primero 2° Básico Lenguaje y Comunicación

Gespeichert in:
Bibliographische Detailangaben
1. Verfasser: Sin autor
Format: Buch
Sprache:Spanisch
Erschienen: Santiago MINEDUC s f.
Ausgabe:3
Katalog:MANES:  Suchergebnis im Bibliothekskatalog
Schulbuchspezifische Eigenschaften:
Tags: Tag hinzufügen
Keine Tags, Fügen Sie den ersten Tag hinzu!
Hinzugefügt zu:11.03.2024
Geändert in:25.04.2025

MARC

LEADER 00000nam a22000007a 4500
005 20250425101614.0
008 240312b |||||||| |||| 00| 0 spa d
040 |a MGM 
100 |9 11659  |a Sin autor 
245 |a Leo Primero 2° Básico Lenguaje y Comunicación 
250 |a 3 
260 |a Santiago  |b MINEDUC  |c s f. 
300 |a 135 p.  |b 21 X 27 cm. 
546 |a Chile 
561 |5 cl-MGM  |3 T Lectura/Escritura 0298  |a Chile. Museo Gabriela Mistral  |k MANES 
690 |a LEN 
691 |a PRI 
942 |2 ddc  |c BK 
999 |c 101899  |d 101899 
999 |c manes:101899  |d 101899